Science Quiz

Random Science Quiz
Score 0/10 Timer 10:00
0 Plays Today
Hint Answer % Correct
What is the main zeitgeber that adjusts the body clock?Light
92.4%
What hormone is released by the pineal gland at night, as it inhibits brain mechanisms promoting wakefulness?Melatonin
92.4%
Where is the SCN located?Hypothalamus
69.7%
Who bred 'mutant' hamsters to have 20 hour circadian rhythms, before inserting the SCN into normal hamsters and noting that the rhythm transported too?Morgan
62.1%
What is the term used for the resetting of the biological clock as the result of exogenous zeitgebers?Entrainment
50%
What type of animal did DeCoursey experiment on by removing the SCN?Chipmunks
47%
Who managed to shift circadian rhythms by shining light on participants' knees?Campbell and Murphy
42.4%
What part of the SCN is quickly reset by external cues?Ventral
36.4%
What did Davidson propose as an alternative reason for circadian rhythms?Social cues
30.3%
What part of RAID does the testing of non-human animals apply to?Issues
28.8%
Come Together.
Have Fun.
All Virtual.
We all need to come together. Play Sporcle's virtual live trivia to have fun, connect with people, and get your trivia on. Join a live hosted trivia game for your favorite pub trivia experience done virtually. If a virtual private party is more your thing, go here for details.

You're not logged in!

Compare scores with friends on all Sporcle quizzes.
OR
Log In

Sporcle TV

Today on Sporcle TV


Watch our educational content, quiz creation guides, and fun videos on Sporcle TV.

Show Comments

Extras

Created Jan 6, 2016ReportNominate
Tags:A-Level, Psychology

Top Quizzes Today


Score Distribution

Paid Content

Your Account Isn't Verified!

In order to create a playlist on Sporcle, you need to verify the email address you used during registration. Go to your Sporcle Settings to finish the process.

Report this User

Report this user for behavior that violates our Community Guidelines.

Details: